000 00704nam a2200205 a 4500
001 BRCA_4511
005 20190320204711.0
008 200910s1966----mx-a######---#000-0#spa-#
050 4 _aZ5931
_b.O64 1966
100 1 _aOngay Muza, Danilo
_911428
245 1 0 _aBibliografía del Instituto de Investigaciones Estéticas
_b1935-1965
_cDanilo Ongay Muza
260 _aMéxico
_bUNAM, Institiuto de Investigaciones Estéticas
_c1966
300 _a149 p.
_bil., 16 láminas.
_c24 cm.
500 _aIncluye índice de autores
500 _aCFG15
650 1 4 _aArte
_vBibliografía
_y1935-1965
_zMéxico
_911429
710 2 _aUNAM
_bInstituto de Investigaciones Estéticas
_911430
902 _aGFM
942 _2lcc
_cB
999 _c4217
_d4217